[Event "World Chess Olympiad 2018"]
[Site "Batumi"]
[Date "2018.10.03"]
[Round "9"]
[Board "4"]
[WhiteFideId "921815"]
[White "Kalezic Blazo"]
[BlackFideId "14105730"]
[Black "Korobov Anton"]
[Result "0-1"]
[LiveChessVersion "1.4.8"]
[BlackElo "2685"]
[WhiteElo "2448"]

1. e4 {[%clk 1:30:57]} c5 {[%clk 1:30:54]} 2. Nf3 {[%clk 1:31:13]} d6
{[%clk 1:31:14]} 3. c3 {[%clk 1:31:27]} Nf6 {[%clk 1:31:20]} 4. Bd3
{[%clk 1:31:49]} Bg4 {[%clk 1:30:46]} 5. h3 {[%clk 1:30:01]} Bh5 {[%clk 1:31:11]}
6. O-O {[%clk 1:28:57]} Nc6 {[%clk 1:31:11]} 7. Re1 {[%clk 1:25:29]} e6
{[%clk 1:31:00]} 8. Bf1 {[%clk 1:23:27]} Be7 {[%clk 1:30:43]} 9. d3
{[%clk 1:22:51]} O-O {[%clk 1:28:25]} 10. g4 {[%clk 1:20:32]} Bg6
{[%clk 1:28:05]} 11. Nh4 {[%clk 1:20:52]} Nd7 {[%clk 1:26:46]} 12. Nxg6
{[%clk 1:19:22]} hxg6 {[%clk 1:25:39]} 13. Bg2 {[%clk 1:11:19]} g5
{[%clk 1:23:08]} 14. Nd2 {[%clk 1:05:45]} Nde5 {[%clk 1:20:35]} 15. Nf3
{[%clk 1:05:33]} Ng6 {[%clk 1:18:16]} 16. d4 {[%clk 0:59:26]} cxd4
{[%clk 1:11:40]} 17. cxd4 {[%clk 0:57:27]} e5 {[%clk 1:10:15]} 18. d5
{[%clk 0:55:25]} Nd4 {[%clk 1:05:31]} 19. Nxd4 {[%clk 0:54:11]} exd4
{[%clk 1:04:49]} 20. Qxd4 {[%clk 0:54:26]} Bf6 {[%clk 1:02:44]} 21. Qe3
{[%clk 0:47:44]} b6 {[%clk 0:55:42]} 22. Rb1 {[%clk 0:44:05]} Nf4
{[%clk 0:51:34]} 23. Bd2 {[%clk 0:36:36]} Rc8 {[%clk 0:48:54]} 24. Rec1
{[%clk 0:27:27]} Rxc1+ {[%clk 0:47:55]} 25. Rxc1 {[%clk 0:27:32]} Bxb2
{[%clk 0:48:02]} 26. Rc6 {[%clk 0:27:54]} Be5 {[%clk 0:46:12]} 27. Qf3
{[%clk 0:27:47]} Qf6 {[%clk 0:38:42]} 28. Bxf4 {[%clk 0:27:44]} Bxf4
{[%clk 0:36:14]} 29. Qc3 {[%clk 0:27:19]} Be5 {[%clk 0:35:36]} 30. Qf3
{[%clk 0:27:38]} Qe7 {[%clk 0:33:54]} 31. Qa3 {[%clk 0:27:20]} g6
{[%clk 0:29:05]} 32. Qd3 {[%clk 0:26:24]} Kg7 {[%clk 0:28:42]} 33. a4
{[%clk 0:26:33]} Rh8 {[%clk 0:27:18]} 34. Qf3 {[%clk 0:23:39]} Qb7
{[%clk 0:20:28]} 35. Bf1 {[%clk 0:20:12]} a6 {[%clk 0:17:23]} 36. Qe3
{[%clk 0:12:59]} b5 {[%clk 0:16:54]} 37. axb5 {[%clk 0:12:03]} axb5
{[%clk 0:17:22]} 38. Rb6 {[%clk 0:12:17]} Qe7 {[%clk 0:15:46]} 39. Rxb5
{[%clk 0:12:14]} Ra8 {[%clk 0:15:50]} 40. Kg2 {[%clk 0:37:05]} Ra1
{[%clk 0:42:19]} 41. Rb3 {[%clk 0:35:10]} Kh7 {[%clk 0:34:36]} 42. Ra3
{[%clk 0:27:09]} Bd4 {[%clk 0:32:56]} 43. Qf3 {[%clk 0:27:04]} Re1
{[%clk 0:30:44]} 44. Be2 {[%clk 0:21:26]} Be5 {[%clk 0:30:03]} 45. Rd3
{[%clk 0:21:03]} Rc1 {[%clk 0:30:12]} 46. Rd1 {[%clk 0:21:19]} Rc2
{[%clk 0:29:44]} 47. Bd3 {[%clk 0:18:44]} Ra2 {[%clk 0:25:36]} 48. Bb5
{[%clk 0:15:14]} Kg7 {[%clk 0:25:17]} 49. Be2 {[%clk 0:15:11]} Qc7
{[%clk 0:23:31]} 50. Kf1 {[%clk 0:15:02]} Qc2 {[%clk 0:22:51]} 51. Qd3
{[%clk 0:14:25]} Qc5 {[%clk 0:20:57]} 52. Qe3 {[%clk 0:13:32]} Qb4
{[%clk 0:20:51]} 53. Qf3 {[%clk 0:10:56]} Rc2 {[%clk 0:19:04]} 54. Kg2
{[%clk 0:10:37]} Ra2 {[%clk 0:18:18]} 55. Kf1 {[%clk 0:10:36]} Bd4
{[%clk 0:17:33]} 56. Qd3 {[%clk 0:09:27]} Be5 {[%clk 0:17:09]} 57. Qf3
{[%clk 0:09:47]} Rb2 {[%clk 0:17:12]} 58. Kg2 {[%clk 0:09:52]} Bd4
{[%clk 0:17:00]} 59. Kf1 {[%clk 0:09:09]} Bc5 {[%clk 0:16:28]} 60. Kg2
{[%clk 0:08:43]} Ra2 {[%clk 0:16:10]} 61. Kf1 {[%clk 0:08:28]} Qb2
{[%clk 0:15:54]} 62. Rd3 {[%clk 0:07:40]} Qe5 {[%clk 0:15:57]} 63. Rd1
{[%clk 0:05:01]} Ra3 {[%clk 0:11:23]} 64. Bd3 {[%clk 0:04:32]} Qb2
{[%clk 0:11:03]} 65. Qe2 {[%clk 0:03:41]} Qe5 {[%clk 0:09:43]} 66. Kg2
{[%clk 0:03:37]} Qc3 {[%clk 0:08:13]} 67. Qd2 {[%clk 0:02:25]} Qf6
{[%clk 0:08:21]} 68. Qe2 {[%clk 0:02:38]} Rb3 {[%clk 0:08:09]} 69. Qf3
{[%clk 0:01:50]} Qc3 {[%clk 0:07:50]} 70. Be2 {[%clk 0:01:28]} Qc2
{[%clk 0:06:50]} 71. Bd3 {[%clk 0:00:54]} Qa2 {[%clk 0:07:15]} 72. Kf1
{[%clk 0:01:05]} Bd4 {[%clk 0:06:32]} 73. Kg2 {[%clk 0:00:35]} Rb2
{[%clk 0:07:00]} 74. Rf1 {[%clk 0:00:50]} Rd2 {[%clk 0:07:02]} 75. Bb5
{[%clk 0:01:07]} Qb2 {[%clk 0:06:30]} 76. Be8 {[%clk 0:01:17]} Qb7
{[%clk 0:06:42]} 77. Bc6 {[%clk 0:01:22]} Qa7 {[%clk 0:07:07]} 78. Bb5
{[%clk 0:01:38]} Qc5 {[%clk 0:06:25]} 79. Be8 {[%clk 0:01:51]} Qc7
{[%clk 0:06:34]} 80. Bc6 {[%clk 0:02:11]} Rb2 {[%clk 0:06:34]} 81. Be8
{[%clk 0:01:56]} Qe7 {[%clk 0:06:40]} 82. Bc6 {[%clk 0:02:18]} Qe5
{[%clk 0:07:00]} 83. Ba4 {[%clk 0:01:58]} Bc5 {[%clk 0:07:05]} 84. Bd1
{[%clk 0:01:08]} Rd2 {[%clk 0:04:49]} 85. Ba4 {[%clk 0:00:57]} Ra2
{[%clk 0:04:44]} 86. Bb5 {[%clk 0:00:51]} Qb2 {[%clk 0:04:42]} 87. Be8
{[%clk 0:00:52]} Ra7 {[%clk 0:05:05]} 88. Re1 {[%clk 0:00:42]} Qe5
{[%clk 0:06:09]} 89. Bb5 {[%clk 0:00:49]} f6 {[%clk 0:06:16]} 90. Bd3
{[%clk 0:00:41]} Ra2 {[%clk 0:06:00]} 91. Be2 {[%clk 0:00:40]} Qb2
{[%clk 0:06:15]} 92. Qd3 {[%clk 0:00:37]} Ra3 {[%clk 0:07:54]} 93. Rb1
{[%clk 0:00:37]} Qe5 {[%clk 0:07:36]} 94. Rb3 {[%clk 0:00:35]} Qf4
{[%clk 0:07:32]} 95. Bf3 {[%clk 0:00:34]} Ra2 {[%clk 0:07:59]} 96. Qf1
{[%clk 0:00:36]} Qd2 {[%clk 0:07:43]} 97. Rd3 {[%clk 0:00:34]} Qb2
{[%clk 0:08:11]} 98. Bd1 {[%clk 0:00:40]} Bxf2 {[%clk 0:08:03]} 99. Bb3
{[%clk 0:00:42]} Bc5+ {[%clk 0:07:32]} 100. Kf3 {[%clk 0:01:06]} Ra3
{[%clk 0:07:31]} 0-1

[Event "World Chess Olympiad 2018"]
[Site "Batumi"]
[Date "2018.10.03"]
[Round "9"]
[Board "1"]
[WhiteFideId "1900021"]
[White "Fernandes Antonio"]
[BlackFideId "309095"]
[Black "Navara David"]
[Result "0-1"]
[LiveChessVersion "1.4.8"]
[BlackElo "2740"]
[WhiteElo "2389"]

1. d4 {[%clk 1:30:51]} Nf6 {[%clk 1:30:55]} 2. c4 {[%clk 1:31:01]} e6
{[%clk 1:31:18]} 3. Nf3 {[%clk 1:31:07]} b6 {[%clk 1:31:39]} 4. g3
{[%clk 1:26:17]} Ba6 {[%clk 1:32:01]} 5. Qc2 {[%clk 1:22:11]} c5 {[%clk 1:31:40]}
6. Bg2 {[%clk 1:06:10]} Nc6 {[%clk 1:31:35]} 7. Qa4 {[%clk 0:56:25]} Bb7
{[%clk 1:27:31]} 8. dxc5 {[%clk 0:48:12]} Bxc5 {[%clk 1:23:50]} 9. O-O
{[%clk 0:48:36]} O-O {[%clk 1:23:47]} 10. Nc3 {[%clk 0:46:49]} Rc8
{[%clk 1:19:05]} 11. Ne5 {[%clk 0:36:39]} d5 {[%clk 1:10:04]} 12. Bf4
{[%clk 0:28:14]} g5 {[%clk 0:45:46]} 13. Bxg5 {[%clk 0:17:05]} Nxe5
{[%clk 0:46:07]} 14. cxd5 {[%clk 0:17:29]} exd5 {[%clk 0:43:53]} 15. Rad1
{[%clk 0:13:26]} Be7 {[%clk 0:36:50]} 16. Qxa7 {[%clk 0:13:25]} Bc6
{[%clk 0:30:29]} 17. Bxf6 {[%clk 0:09:08]} Bxf6 {[%clk 0:30:50]} 18. Nxd5
{[%clk 0:09:12]} Ra8 {[%clk 0:28:47]} 19. Nxf6+ {[%clk 0:09:09]} Qxf6
{[%clk 0:29:10]} 20. Qxb6 {[%clk 0:09:16]} Rfb8 {[%clk 0:29:21]} 21. Qd4
{[%clk 0:06:39]} Bxg2 {[%clk 0:29:43]} 22. Kxg2 {[%clk 0:07:05]} Rxa2
{[%clk 0:30:03]} 23. Rd2 {[%clk 0:07:06]} Qc6+ {[%clk 0:27:47]} 24. Kg1
{[%clk 0:07:23]} Qb5 {[%clk 0:27:33]} 25. Qe4 {[%clk 0:07:06]} Ra4
{[%clk 0:25:34]} 26. Qf5 {[%clk 0:06:33]} Ng6 {[%clk 0:18:05]} 27. Qxb5
{[%clk 0:06:48]} Rxb5 {[%clk 0:18:29]} 28. Rc1 {[%clk 0:07:05]} Ne5
{[%clk 0:18:01]} 29. Rc7 {[%clk 0:04:43]} Rab4 {[%clk 0:17:31]} 30. Rcc2
{[%clk 0:01:50]} Kg7 {[%clk 0:17:56]} 31. f3 {[%clk 0:01:16]} Ra5
{[%clk 0:12:27]} 32. Kf2 {[%clk 0:00:41]} Ra1 {[%clk 0:12:21]} 33. Rc5
{[%clk 0:00:45]} Ng6 {[%clk 0:12:30]} 34. h4 {[%clk 0:00:41]} Rb1
{[%clk 0:12:45]} 35. Rcc2 {[%clk 0:00:34]} h6 {[%clk 0:12:53]} 36. h5
{[%clk 0:00:31]} Nf8 0-1

[Event "World Chess Olympiad 2018"]
[Site "Batumi"]
[Date "2018.10.03"]
[Round "9"]
[Board "2"]
[WhiteFideId "316385"]
[White "Laznicka Viktor"]
[BlackFideId "1900030"]
[Black "Damaso Rui"]
[Result "1-0"]
[LiveChessVersion "1.4.8"]
[BlackElo "2440"]
[WhiteElo "2662"]

1. d4 {[%clk 1:30:57]} Nf6 {[%clk 1:30:51]} 2. c4 {[%clk 1:31:24]} c5
{[%clk 1:30:30]} 3. d5 {[%clk 1:31:46]} e5 {[%clk 1:29:10]} 4. Nc3
{[%clk 1:31:50]} d6 {[%clk 1:29:32]} 5. e4 {[%clk 1:30:56]} Be7 {[%clk 1:29:53]}
6. g3 {[%clk 1:26:16]} O-O {[%clk 1:27:48]} 7. h4 {[%clk 1:25:42]} Na6
{[%clk 1:25:12]} 8. Bh3 {[%clk 1:25:41]} Nc7 {[%clk 1:22:03]} 9. Bxc8
{[%clk 1:24:02]} Qxc8 {[%clk 1:15:16]} 10. Nf3 {[%clk 1:17:56]} a6
{[%clk 1:09:49]} 11. Qe2 {[%clk 1:12:22]} b5 {[%clk 1:09:07]} 12. b3
{[%clk 1:12:45]} bxc4 {[%clk 1:01:22]} 13. bxc4 {[%clk 1:12:48]} Rb8
{[%clk 1:01:26]} 14. Nd2 {[%clk 1:02:03]} Bd8 {[%clk 0:57:51]} 15. Nb3
{[%clk 1:00:31]} Nb5 16. cxb5 {[%clk 0:59:01]} c4 {[%clk 0:48:08]} 17. Nd2
{[%clk 0:55:20]} axb5 {[%clk 0:46:15]} 18. a3 {[%clk 0:40:04]} Ba5
{[%clk 0:39:44]} 19. Bb2 {[%clk 0:29:52]} Nd7 {[%clk 0:37:54]} 20. O-O
{[%clk 0:21:09]} Nc5 {[%clk 0:37:19]} 21. Kg2 {[%clk 0:16:15]} Nd3
{[%clk 0:32:18]} 22. Nb3 {[%clk 0:16:17]} f5 {[%clk 0:21:39]} 23. Nxa5
{[%clk 0:14:47]} f4 {[%clk 0:20:01]} 24. f3 {[%clk 0:11:27]} fxg3
{[%clk 0:18:31]} 25. Bc1 {[%clk 0:11:48]} Rf4 {[%clk 0:15:32]} 26. Rh1
{[%clk 0:09:03]} Qc7 {[%clk 0:15:15]} 27. Nc6 {[%clk 0:08:32]} Rbf8
{[%clk 0:15:30]} 28. Be3 {[%clk 0:07:59]} Rxf3 {[%clk 0:14:16]} 29. Raf1
{[%clk 0:08:19]} Rf2+ {[%clk 0:10:57]} 30. Rxf2 {[%clk 0:08:38]} gxf2
{[%clk 0:11:15]} 31. Qg4 {[%clk 0:07:11]} Kh8 {[%clk 0:10:25]} 32. Qe6
{[%clk 0:05:08]} Qb7 {[%clk 0:10:42]} 33. h5 {[%clk 0:04:10]} Qa8
{[%clk 0:09:27]} 34. h6 {[%clk 0:04:14]} gxh6 {[%clk 0:09:13]} 35. Ne7
{[%clk 0:03:32]} Qe8 {[%clk 0:08:12]} 36. Kf1 {[%clk 0:03:34]} 1-0

[Event "World Chess Olympiad 2018"]
[Site "Batumi"]
[Date "2018.10.03"]
[Round "9"]
[Board "3"]
[WhiteFideId "1909991"]
[White "Martins David Pires Tavares"]
[BlackFideId "304760"]
[Black "Stocek Jiri"]
[Result "1/2-1/2"]
[LiveChessVersion "1.4.8"]
[BlackElo "2574"]
[WhiteElo "2402"]

1. d4 {[%clk 1:30:57]} Nf6 {[%clk 1:30:46]} 2. c4 {[%clk 1:31:21]} e6
{[%clk 1:29:09]} 3. Nf3 {[%clk 1:31:45]} b6 {[%clk 1:29:24]} 4. g3
{[%clk 1:31:57]} Bb7 {[%clk 1:28:20]} 5. Bg2 {[%clk 1:32:16]} Be7
{[%clk 1:28:40]} 6. Nc3 {[%clk 1:30:26]} O-O {[%clk 1:24:44]} 7. Qc2
{[%clk 1:28:50]} c5 {[%clk 1:21:24]} 8. d5 {[%clk 1:27:37]} exd5 {[%clk 1:21:45]}
9. Nh4 {[%clk 1:25:39]} b5 {[%clk 1:12:21]} 10. Nf5 {[%clk 1:23:21]} bxc4
{[%clk 1:08:35]} 11. Bg5 {[%clk 1:20:03]} Na6 {[%clk 1:03:47]} 12. a3
{[%clk 1:01:19]} Rb8 {[%clk 0:51:51]} 13. Bxf6 {[%clk 0:20:24]} Bxf6
{[%clk 0:50:59]} 14. Nxd5 {[%clk 0:20:47]} Bxd5 {[%clk 0:41:54]} 15. Bxd5
{[%clk 0:21:11]} Qa5+ {[%clk 0:37:21]} 16. Kf1 {[%clk 0:21:33]} Rxb2
{[%clk 0:35:02]} 17. Qxc4 {[%clk 0:21:53]} Nc7 {[%clk 0:32:40]} 18. Rd1
{[%clk 0:21:18]} Rd2 {[%clk 0:31:10]} 19. Rxd2 {[%clk 0:21:23]} Qxd2
{[%clk 0:31:35]} 20. Bf3 {[%clk 0:21:41]} Qa5 {[%clk 0:27:11]} 21. Kg2
{[%clk 0:21:48]} d5 {[%clk 0:25:24]} 22. Bxd5 {[%clk 0:20:37]} Nxd5
{[%clk 0:25:37]} 23. Qxd5 {[%clk 0:21:02]} Qxa3 {[%clk 0:25:50]} 24. Rb1
{[%clk 0:18:21]} Qa6 {[%clk 0:15:18]} 25. Nd6 {[%clk 0:18:06]} Rd8
{[%clk 0:07:02]} 26. Qxf7+ {[%clk 0:17:58]} Kh8 {[%clk 0:07:29]} 27. Rd1
{[%clk 0:17:01]} Bd4 {[%clk 0:05:22]} 28. Nf5 {[%clk 0:13:09]} Qf6
{[%clk 0:04:51]} 29. Qxf6 {[%clk 0:12:20]} Bxf6 {[%clk 0:05:11]} 30. Rxd8+
{[%clk 0:12:10]} Bxd8 {[%clk 0:05:36]} 31. Kf3 {[%clk 0:12:31]} a5
{[%clk 0:02:39]} 32. Ke3 {[%clk 0:12:41]} c4 {[%clk 0:02:40]} 33. Kd2
{[%clk 0:07:21]} a4 {[%clk 0:03:06]} 34. Kc2 {[%clk 0:07:44]} Bf6
{[%clk 0:02:35]} 35. Ne3 {[%clk 0:07:43]} Bd4 {[%clk 0:02:33]} 36. Nxc4
{[%clk 0:06:07]} Bxf2 {[%clk 0:03:00]} 37. Nb2 {[%clk 0:05:57]} a3
{[%clk 0:02:41]} 38. Nc4 {[%clk 0:06:22]} Bc5 {[%clk 0:02:39]} 39. Kb3
{[%clk 0:06:38]} h5 {[%clk 0:02:47]} 40. Nxa3 {[%clk 0:34:58]} Bg1
{[%clk 0:31:41]} 41. h3 {[%clk 0:31:17]} Kh7 {[%clk 0:31:31]} 42. Nc4
{[%clk 0:27:13]} Kg6 {[%clk 0:31:13]} 43. Nd2 {[%clk 0:27:29]} Kf5
{[%clk 0:30:04]} 44. Kc4 {[%clk 0:20:09]} 1/2-1/2

[Event "World Chess Olympiad 2018"]
[Site "Batumi"]
[Date "2018.10.03"]
[Round "9"]
[Board "4"]
[WhiteFideId "14907526"]
[White "Michalik Peter"]
[BlackFideId "1917617"]
[Black "Sousa Andre Ventura"]
[Result "1-0"]
[LiveChessVersion "1.4.8"]
[BlackElo "2365"]
[WhiteElo "2556"]

1. d4 {[%clk 1:30:57]} Nf6 {[%clk 1:30:54]} 2. c4 {[%clk 1:31:05]} e6
{[%clk 1:31:20]} 3. Nf3 {[%clk 1:31:25]} d5 {[%clk 1:31:44]} 4. Nc3
{[%clk 1:31:28]} Bb4 {[%clk 1:32:10]} 5. cxd5 {[%clk 1:31:21]} exd5
{[%clk 1:32:35]} 6. Bg5 {[%clk 1:31:44]} Qd6 {[%clk 1:33:02]} 7. Bxf6
{[%clk 1:30:29]} Qxf6 {[%clk 1:33:27]} 8. Qb3 {[%clk 1:30:55]} c5
{[%clk 1:17:36]} 9. e3 {[%clk 1:21:19]} Nc6 {[%clk 1:15:20]} 10. Bb5
{[%clk 1:15:28]} O-O {[%clk 1:00:17]} 11. dxc5 {[%clk 1:15:00]} d4
{[%clk 0:33:32]} 12. Bxc6 {[%clk 1:14:49]} dxc3 {[%clk 0:23:51]} 13. Qxb4
{[%clk 1:15:04]} cxb2 {[%clk 0:24:00]} 14. Rb1 {[%clk 1:15:28]} bxc6
{[%clk 0:24:01]} 15. Qxb2 {[%clk 1:14:12]} Qf5 {[%clk 0:15:13]} 16. O-O
{[%clk 1:11:19]} Qxc5 {[%clk 0:14:57]} 17. Rfc1 {[%clk 1:03:52]} Qd5
{[%clk 0:15:21]} 18. Rd1 {[%clk 0:59:04]} Qh5 {[%clk 0:13:36]} 19. Ne5
{[%clk 0:55:27]} Bf5 {[%clk 0:12:43]} 20. Rbc1 {[%clk 0:55:14]} Be4
{[%clk 0:12:34]} 21. f3 {[%clk 0:50:55]} Rfe8 {[%clk 0:07:35]} 22. Rc5
{[%clk 0:49:05]} Rad8 {[%clk 0:08:00]} 23. Rxd8 {[%clk 0:39:09]} Rxd8
{[%clk 0:08:25]} 24. Qc1 {[%clk 0:39:37]} Rd5 {[%clk 0:06:22]} 25. Rxd5
{[%clk 0:33:28]} Bxd5 {[%clk 0:06:46]} 26. Nxc6 {[%clk 0:33:44]} h6
{[%clk 0:04:32]} 27. Ne7+ {[%clk 0:28:04]} Kh7 {[%clk 0:04:55]} 28. Qc5
{[%clk 0:28:00]} Qh4 {[%clk 0:03:02]} 29. g3 {[%clk 0:28:17]} Qf6
{[%clk 0:02:07]} 30. Qc2+ {[%clk 0:27:08]} g6 {[%clk 0:02:28]} 31. Nxd5
{[%clk 0:27:34]} Qxf3 {[%clk 0:02:55]} 32. Qd2 {[%clk 0:27:38]} 1-0

[Event "World Chess Olympiad 2018"]
[Site "Batumi"]
[Date "2018.10.03"]
[Round "9"]
[Board "1"]
[WhiteFideId "14603152"]
[White "Borisek Jure"]
[BlackFideId "10601457"]
[Black "Amin Bassem"]
[Result "1/2-1/2"]
[LiveChessVersion "1.4.8"]
[BlackElo "2686"]
[WhiteElo "2578"]

1. e4 {[%clk 1:30:57]} e5 {[%clk 1:30:01]} 2. Nf3 {[%clk 1:31:19]} Nc6
{[%clk 1:30:19]} 3. Bb5 {[%clk 1:31:19]} a6 {[%clk 1:30:43]} 4. Ba4
{[%clk 1:31:44]} Nf6 {[%clk 1:31:08]} 5. O-O {[%clk 1:32:06]} Be7
{[%clk 1:31:35]} 6. Re1 {[%clk 1:31:57]} b5 {[%clk 1:32:00]} 7. Bb3
{[%clk 1:32:24]} d6 {[%clk 1:32:23]} 8. c3 {[%clk 1:32:44]} O-O {[%clk 1:32:46]}
9. h3 {[%clk 1:33:09]} Nb8 {[%clk 1:33:11]} 10. d4 {[%clk 1:33:24]} Nbd7
{[%clk 1:33:35]} 11. Nbd2 {[%clk 1:33:18]} Bb7 {[%clk 1:33:58]} 12. Bc2
{[%clk 1:33:44]} Re8 {[%clk 1:34:22]} 13. Nf1 {[%clk 1:34:09]} Bf8
{[%clk 1:34:45]} 14. Ng3 {[%clk 1:34:35]} g6 {[%clk 1:35:08]} 15. a4
{[%clk 1:34:41]} c5 {[%clk 1:34:58]} 16. d5 {[%clk 1:35:03]} c4 {[%clk 1:35:23]}
17. Bg5 {[%clk 1:35:28]} Nc5 {[%clk 1:35:04]} 18. Qd2 {[%clk 1:34:12]} Be7
{[%clk 1:35:27]} 19. Bh6 {[%clk 1:26:39]} Nfd7 {[%clk 1:34:41]} 20. Nh2
{[%clk 1:19:18]} bxa4 {[%clk 1:30:56]} 21. Ng4 {[%clk 1:08:06]} Nb3
{[%clk 1:29:11]} 22. Bxb3 {[%clk 1:08:32]} axb3 {[%clk 1:29:32]} 23. f4
{[%clk 1:05:34]} Nf6 {[%clk 0:51:31]} 24. Ne3 {[%clk 0:55:12]} exf4
{[%clk 0:43:35]} 25. Bxf4 {[%clk 0:55:30]} Rc8 {[%clk 0:43:58]} 26. Ra4
{[%clk 0:47:01]} Nd7 {[%clk 0:40:47]} 27. Nxc4 {[%clk 0:44:49]} Bf8
{[%clk 0:36:31]} 28. Na5 {[%clk 0:33:15]} Nc5 {[%clk 0:36:31]} 29. Nxb7
{[%clk 0:33:16]} Nxb7 {[%clk 0:36:51]} 30. Rxa6 {[%clk 0:31:13]} Nc5
{[%clk 0:37:20]} 31. Ra3 {[%clk 0:31:28]} h5 {[%clk 0:35:57]} 32. Be3
{[%clk 0:30:49]} Qb6 {[%clk 0:24:11]} 33. Bd4 {[%clk 0:30:07]} Bg7
{[%clk 0:24:16]} 34. Kh1 {[%clk 0:28:24]} h4 {[%clk 0:21:25]} 35. Bxg7
{[%clk 0:27:17]} Kxg7 {[%clk 0:21:33]} 36. Qd4+ {[%clk 0:26:46]} Kg8
{[%clk 0:18:38]} 37. Nf1 {[%clk 0:27:05]} Qb5 {[%clk 0:16:28]} 38. c4
{[%clk 0:23:27]} Qb4 {[%clk 0:16:24]} 39. Nd2 {[%clk 0:23:55]} Re7
{[%clk 0:15:11]} 40. Rf1 {[%clk 0:49:59]} Rce8 {[%clk 0:40:02]} 41. Rf4
{[%clk 0:39:45]} Nxe4 {[%clk 0:39:56]} 42. Rxh4 {[%clk 0:39:22]} Re5
{[%clk 0:40:19]} 43. Rxe4 {[%clk 0:36:25]} Rxe4 {[%clk 0:40:42]} 44. Nxe4
{[%clk 0:36:52]} Qe1+ {[%clk 0:41:03]} 45. Kh2 {[%clk 0:37:17]} Qxe4
{[%clk 0:41:27]} 46. Qxe4 {[%clk 0:31:02]} Rxe4 {[%clk 0:41:54]} 47. Rxb3
{[%clk 0:31:25]} Rxc4 {[%clk 0:42:18]} 48. Rb6 {[%clk 0:30:39]} Kf8
{[%clk 0:40:40]} 49. Rxd6 {[%clk 0:29:36]} Rb4 {[%clk 0:41:03]} 50. Ra6
{[%clk 0:26:27]} Rxb2 {[%clk 0:41:23]} 51. d6 {[%clk 0:26:21]} Rd2
{[%clk 0:41:45]} 52. Kg3 {[%clk 0:26:46]} Ke8 {[%clk 0:41:42]} 53. Kf3
{[%clk 0:26:45]} Kd7 {[%clk 0:41:47]} 54. Ra7+ {[%clk 0:26:54]} 1/2-1/2

[Event "World Chess Olympiad 2018"]
[Site "Batumi"]
[Date "2018.10.03"]
[Round "9"]
[Board "2"]
[WhiteFideId "10601619"]
[White "Adly Ahmed"]
[BlackFideId "14602296"]
[Black "Sebenik Matej"]
[Result "1-0"]
[LiveChessVersion "1.4.8"]
[BlackElo "2570"]
[WhiteElo "2620"]

1. d4 {[%clk 1:30:57]} e6 {[%clk 1:30:52]} 2. Nf3 {[%clk 1:31:10]} d5
{[%clk 1:31:10]} 3. g3 {[%clk 1:31:31]} Nf6 {[%clk 1:31:26]} 4. Bg2
{[%clk 1:31:55]} Be7 {[%clk 1:31:40]} 5. O-O {[%clk 1:32:12]} O-O
{[%clk 1:32:04]} 6. c4 {[%clk 1:32:17]} dxc4 {[%clk 1:32:15]} 7. Qc2
{[%clk 1:32:44]} a6 {[%clk 1:32:37]} 8. a4 {[%clk 1:33:08]} Bd7 {[%clk 1:32:57]}
9. Rd1 {[%clk 1:33:31]} Bc6 {[%clk 1:33:20]} 10. Qxc4 {[%clk 1:33:52]} a5
{[%clk 1:26:06]} 11. Nc3 {[%clk 1:33:43]} Bd5 {[%clk 1:22:39]} 12. Qd3
{[%clk 1:33:14]} Na6 {[%clk 1:23:00]} 13. e4 {[%clk 1:32:33]} Bb3
{[%clk 1:17:10]} 14. Rd2 {[%clk 1:15:45]} c5 {[%clk 1:12:30]} 15. Qe2
{[%clk 1:15:05]} Qb6 {[%clk 1:11:07]} 16. d5 {[%clk 1:08:44]} exd5
{[%clk 0:54:34]} 17. e5 {[%clk 1:09:08]} Nb4 {[%clk 0:54:58]} 18. exf6
{[%clk 1:08:07]} Bxf6 {[%clk 0:55:24]} 19. Ra3 {[%clk 1:06:07]} Bc4
{[%clk 0:53:50]} 20. Qd1 {[%clk 1:06:13]} Rfe8 {[%clk 0:54:10]} 21. Bf1
{[%clk 1:05:18]} Bxf1 {[%clk 0:50:19]} 22. Qxf1 {[%clk 1:04:07]} d4
{[%clk 0:50:44]} 23. Nb5 {[%clk 1:04:16]} Qc6 {[%clk 0:38:37]} 24. Rd1
{[%clk 0:51:28]} d3 {[%clk 0:23:10]} 25. Raxd3 {[%clk 0:51:42]} Nxd3
{[%clk 0:23:34]} 26. Rxd3 {[%clk 0:52:05]} c4 {[%clk 0:23:29]} 27. Nfd4
{[%clk 0:50:28]} Qc5 {[%clk 0:18:56]} 28. Rd1 {[%clk 0:50:49]} Rad8
{[%clk 0:19:18]} 29. Be3 {[%clk 0:51:10]} Qb4 {[%clk 0:19:25]} 30. Bd2
{[%clk 0:51:35]} Qc5 {[%clk 0:13:29]} 31. Bc3 {[%clk 0:51:59]} Bxd4
{[%clk 0:13:24]} 32. Bxd4 {[%clk 0:49:21]} Qh5 {[%clk 0:07:04]} 33. Rc1
{[%clk 0:47:25]} Qf3 {[%clk 0:03:33]} 34. Rc3 {[%clk 0:46:25]} Qf5
{[%clk 0:03:28]} 35. Rxc4 {[%clk 0:46:01]} h5 {[%clk 0:03:16]} 36. Be3
{[%clk 0:44:13]} Qf3 {[%clk 0:02:35]} 37. Rf4 {[%clk 0:42:04]} Qc6
{[%clk 0:03:02]} 38. Nc3 {[%clk 0:41:08]} Re5 {[%clk 0:02:57]} 39. Qc4
{[%clk 0:40:45]} Qxc4 {[%clk 0:01:41]} 40. Rxc4 {[%clk 1:11:11]} Rd7
{[%clk 0:32:01]} 41. Bf4 {[%clk 1:09:33]} Re1+ {[%clk 0:31:40]} 42. Kg2
{[%clk 1:10:00]} f6 {[%clk 0:32:03]} 43. Rc5 {[%clk 1:10:03]} g5 {[%clk 0:32:16]}
44. Be3 {[%clk 1:10:29]} 1-0

[Event "World Chess Olympiad 2018"]
[Site "Batumi"]
[Date "2018.10.03"]
[Round "9"]
[Board "3"]
[WhiteFideId "14604299"]
[White "Skoberne Jure"]
[BlackFideId "10600183"]
[Black "Hesham Abdelrahman"]
[Result "1-0"]
[LiveChessVersion "1.4.8"]
[BlackElo "2408"]
[WhiteElo "2565"]

1. Nf3 {[%clk 1:30:57]} d5 {[%clk 1:30:52]} 2. g3 {[%clk 1:31:22]} Bg4
{[%clk 1:31:06]} 3. Bg2 {[%clk 1:31:38]} c6 {[%clk 1:31:25]} 4. O-O
{[%clk 1:24:28]} e6 {[%clk 1:31:47]} 5. d3 {[%clk 1:24:21]} Nf6 {[%clk 1:31:02]}
6. Qe1 {[%clk 1:15:10]} Be7 {[%clk 1:08:42]} 7. e4 {[%clk 1:14:38]} O-O
{[%clk 1:02:16]} 8. Ne5 {[%clk 0:53:37]} Bh5 {[%clk 1:02:09]} 9. h3
{[%clk 0:53:59]} Nbd7 {[%clk 1:00:40]} 10. Nxd7 {[%clk 0:51:44]} Nxd7
{[%clk 0:57:42]} 11. g4 {[%clk 0:41:02]} Bg6 {[%clk 0:56:54]} 12. e5
{[%clk 0:41:17]} Bc5 {[%clk 0:51:07]} 13. Kh1 {[%clk 0:39:56]} h5
{[%clk 0:47:53]} 14. f4 {[%clk 0:39:04]} hxg4 {[%clk 0:48:13]} 15. hxg4
{[%clk 0:39:27]} f5 {[%clk 0:46:22]} 16. exf6 {[%clk 0:39:08]} Nxf6
{[%clk 0:45:41]} 17. Bh3 {[%clk 0:36:33]} Qd6 {[%clk 0:34:21]} 18. Nd2
{[%clk 0:36:07]} Rae8 {[%clk 0:30:23]} 19. Nf3 {[%clk 0:35:53]} Nd7
{[%clk 0:30:35]} 20. Qg3 {[%clk 0:29:40]} Qc7 {[%clk 0:15:52]} 21. Bd2
{[%clk 0:15:37]} Bd6 {[%clk 0:15:37]} 22. Nh4 {[%clk 0:15:52]} Bf7
{[%clk 0:15:35]} 23. g5 {[%clk 0:16:03]} g6 {[%clk 0:15:58]} 24. Bc3
{[%clk 0:14:18]} e5 {[%clk 0:13:27]} 25. Bxd7 {[%clk 0:10:37]} Qxd7
{[%clk 0:13:46]} 26. Bxe5 {[%clk 0:10:30]} Bxe5 {[%clk 0:12:32]} 27. fxe5
{[%clk 0:10:54]} d4 {[%clk 0:12:57]} 28. Kh2 {[%clk 0:08:34]} Qd5
{[%clk 0:08:52]} 29. Rae1 {[%clk 0:08:46]} Kg7 {[%clk 0:08:47]} 30. Rf6
{[%clk 0:07:58]} Rh8 {[%clk 0:08:36]} 31. e6 {[%clk 0:04:12]} Rxe6
{[%clk 0:07:23]} 32. Rexe6 {[%clk 0:04:18]} Bxe6 {[%clk 0:07:45]} 33. Rxg6+
{[%clk 0:04:36]} Kh7 {[%clk 0:08:04]} 34. Rh6+ {[%clk 0:02:39]} Kg7
{[%clk 0:08:29]} 35. Rg6+ {[%clk 0:01:34]} Kh7 {[%clk 0:08:53]} 36. Qf4
{[%clk 0:01:10]} Rf8 {[%clk 0:03:59]} 37. Qxf8 {[%clk 0:01:23]} Qe5+
{[%clk 0:04:25]} 38. Kg1 {[%clk 0:01:44]} Qe1+ {[%clk 0:04:38]} 39. Qf1
{[%clk 0:02:00]} Qg3+ {[%clk 0:04:18]} 40. Ng2 {[%clk 0:32:19]} 1-0